情報化社会における情報通信システム・その基礎研究段階における社会工学的考察:第3分冊、広告媒体を通じた基本的機能と選択的機能の分析(昭和46年3月)

Αποθηκεύτηκε σε:
Λεπτομέρειες βιβλιογραφικής εγγραφής
Συγγραφή απο Οργανισμό/Αρχή: 日本電信電話公社技術局
Μορφή: Βιβλίο
Γλώσσα:Undetermined
Έκδοση: 「東京」 日本電信電話公社技術局 1971
Θέματα:
Ετικέτες: Προσθήκη ετικέτας
Δεν υπάρχουν, Καταχωρήστε ετικέτα πρώτοι!
Thư viện lưu trữ: Trung tâm Học liệu Trường Đại học Cần Thơ
LEADER 00728nam a2200181Ia 4500
001 CTU_80745
008 210402s9999 xx 000 0 und d
082 |a 658.8 
082 |b N691 
110 |a 日本電信電話公社技術局 
245 0 |a 情報化社会における情報通信システム・その基礎研究段階における社会工学的考察:第3分冊、広告媒体を通じた基本的機能と選択的機能の分析(昭和46年3月) 
245 0 |c 日本電信電話公社技術局 
260 |a 「東京」 
260 |b 日本電信電話公社技術局 
260 |c 1971 
650 |a Industrial Management 
904 |i Ngoc,Hải 
980 |a Trung tâm Học liệu Trường Đại học Cần Thơ